Stranger Things Quiz - Statistics

General Stats
  • This quiz has been taken 379 times
  • The average score is 10 of 15
Answer Stats
Hint Answer % Correct
Steve _________ Harrington
91%
Lucas Sinclair's sister: _____ Erica
90%
What is Billy's last name? Hargrove
90%
What is Max's real first name? Maxine
90%
The Mind _____ Flayer
89%
___ Hopper Jim
87%
Dr. ______ Brenner Martin
85%
Robin _____ Buckley
80%
What is the name of the mall? Starcourt
75%
Which people do Steve, Robin, and Dustin think is infiltrating? Russians
61%
Eleven's real name? Jane Hopper
55%
Season 3 episode 6: _ _____ ___ E Pluribus Unum
31%
How did Joyce Byers feel when Will disappeared? Scared
30%
Finish the line: Get the hell out of my ___! son
29%
What does pollywog mean? a tadpole
17%
No matching quizzes found
Score Distribution
Percent of People with Each Score
Percentile by Number Answered
Your Score History
You have not taken this quiz